=LDR 00000nam 2200000 4500 =001 INLIS000000000027731 =005 20130612130102 =008 ***********************************Ind** =035 ##$$0010-061300000027731 =041 ##$$a Ind =082 ##$$a 574.76 =090 ##$$a 574.76, Kum k =245 ##$$a Kumpulan soal dan pembahasan bank soal biologi untuk SMA kelas X,XI,XII =260 ##$$a 2006 $b Bandung =300 ##$$a 197 hlm., ilus., 31 cm =650 ##$$a Biologi-soal =850 ##$$a NBPNMAT